000 00290nam a2200121Ia 4500
005 20251222152609.0
008 251222s9999||||xx |||||||||||||| ||spa||
082 _a657.61/A62
100 _aAntony, Robert
245 0 _aContabilidad para la Dirección
264 _bEl Ateneo
942 _cLIB
999 _c26889
_d26889